Most Guessed Languages - Statistics

General Stats
  • This quiz has been taken 277 times
  • The average score is 15 of 20
Answer Stats
% language % Correct
100 English
99%
98 Español
99%
97 Français
98%
92 Deutsch
95%
85 日本語 Japanese
91%
89 Pyсский Russian
91%
88 官话 Mandarin
87%
85 Italiano
87%
90 Português
83%
69 Nederlands
82%
67 Polszczyzna
70%
84 العَرَبِيَّة‎‎ Arabic
68%
65 한국어/조선말 Korean
66%
59 Türkçe
62%
59 Bahasa Melayu/Indonesia
59%
72 हिन्दी Hindi
59%
55 Tiếng Việt
55%
61 广州话 Cantonese
53%
56 ภาษาไทย Thai
43%
48 اُردُو‎ Urdu
37%
No matching quizzes found
Score Distribution
Percent of People with Each Score
Percentile by Number Answered
Your Score History
You have not taken this quiz